[Event "Nouadhibou Independence op"]
[Site "Nouadhibou"]
[Date "2014.11.27"]
[Round "1"]
[White "Sabar, Ethmane Daouda"]
[Black "Bellal, Tiyeb"]
[Result "1-0"]
[WhiteElo "1967"]
[BlackElo "1600"]
[PlyCount "31"]
[EventDate "2014.11.27"]
[EventType "swiss"]
[EventRounds "9"]
[EventCountry "MAU"]
[SourceTitle "CBM 163 Extra"]
[Source "ChessBase"]
[SourceDate "2014.12.23"]
[SourceVersion "1"]
[SourceVersionDate "2014.12.23"]
[SourceQuality "1"]

1. e4 c5 2. Nf3 d6 3. d4 cxd4 4. Nxd4 e5 5. Nb5 h6 6. N1c3 Nf6 7. Nd5 Na6 8. Bd3 Bd7 9. a4 Bc6 10. c4 Bxd5 11. exd5 Be7 12. 0-0 Nb4 13. Bf5 a6 14. Nc3 Qb6 15. a5 Qc7 16. Qa4+ 1-0